000 00347nam a22001337a 4500
008 250108b |||||||| |||| 00| 0 eng d
020 _a9788189922603
050 _aHD 6955
_b.S53
100 _aSharma Lalita
245 _aSociology Work and Indurstry
260 _aIndia
_bVenus Books Publishers & Distributors
_c2014
300 _a283
942 _cBK
999 _c1895
_d1895